In custody : (Record no. 77782)

MARC details
000 -LEADER
fixed length control field 00896nam a22002417a 4500
005 - DATE AND TIME OF LATEST TRANSACTION
control field 20130814122722.0
010 ## - LCCN (DPL NO)
LC control number ENG-108098
020 ## - INTERNATIONAL STANDARD BOOK NUMBER
Terms of availability 995.00
International Standard Book Number 9788132109464
035 ## - SYSTEM CONTROL NUMBER
System control number EN-91631
037 ## - SOURCE OF ACQUISITION
Source of stock number/acquisition DBAD/PUB
082 ## - DEWEY DECIMAL CLASSIFICATION NUMBER
Classification number 344.540356
100 ## - MAIN ENTRY--PERSONAL NAME
Personal name Ramakrishnan, Nitya
245 ## - TITLE STATEMENT
Title In custody :
Statement of responsibility, etc by Nitya Ramakrishnan
Remainder of title law, impunity and prisoner abuse in South Asia /
260 ## - PUBLICATION, DISTRIBUTION, ETC. (IMPRINT)
Place of publication, distribution, etc New Delhi
Name of publisher, distributor, etc Sage Publications
Date of publication, distribution, etc 2013
270 ## - ADDRESS
Address B1/I-1 Mohan Cooperative Indusrial Area Mathura Road
City New Delhi
Postal code 110044
300 ## - PHYSICAL DESCRIPTION
Extent xlix,451p.
Dimensions 23cm(Hb)
500 ## - GENERAL NOTE
General note Includes bibliographical references and index
505 ## - FORMATTED CONTENTS NOTE
Formatted contents note India -- Pakistan -- Bangladesh -- Sri Lanka -- Nepal -- Afghanistan.
650 ## - SUBJECT ADDED ENTRY--TOPICAL TERM
Topical term or geographic name as entry element Detention of persons
Geographic subdivision South Asia.
650 ## - SUBJECT ADDED ENTRY--TOPICAL TERM
Topical term or geographic name as entry element Prisoners
General subdivision Abuse of
Geographic subdivision South Asia.
650 ## - SUBJECT ADDED ENTRY--TOPICAL TERM
Topical term or geographic name as entry element Human rights
Geographic subdivision South Asia.
942 ## - ADDED ENTRY ELEMENTS (KOHA)
Source of classification or shelving scheme Dewey Decimal Classification
Item type English Books
Call number suffix RAM
Classification part 344.540356
Holdings
Withdrawn status Lost status Not for loan Collection code Home library Current library Date acquired Source of acquisition Cost, normal purchase price Full call number Barcode Copy number Cost, replacement price Koha item type
    Not For Loan Non-fiction D.B.Act.Division D.B.Act.Division 19/07/2013 DBAD/PUB 995.00 344.540356 RAM EN-91631 1 995.00 English Books

© Delhi Public Library
Hit Counter
free hit counter